| 000 | 00410nam a2200157Ia 4500 | ||
|---|---|---|---|
| 008 | 210716s2007 xx 000 0 und d | ||
| 020 | _a9788131508077 | ||
| 041 | _aeng | ||
| 082 | _a658.8 EVAJ | ||
| 100 | _aEvans, Joel R; Berman, Barry. | ||
| 245 | _aMarketing management. | ||
| 250 | _a1 | ||
| 260 |
_aNew Delhi _bCengage Learning India Pvt Ltd _c2007 |
||
| 300 | _a625 | ||
| 650 | _aMarketing Management | ||
| 999 |
_c205936 _d205936 |
||